| 000 | 01868cam a2200505 a 4500 | ||
|---|---|---|---|
| 999 |
_c29356 _d29327 |
||
| 001 | 15472588 | ||
| 003 | EG-ScBUE | ||
| 005 | 20210815130104.0 | ||
| 006 | m||||fq||h 00| 0 | ||
| 008 | 080919t2011 enka f b 001 0 eng d | ||
| 020 | _a9781111216467 | ||
| 020 | _a9781111216474 | ||
| 020 | _a1111216479 | ||
| 035 | _a(OCoLC)ocn752207513 | ||
| 040 |
_aNz _beng _erda _cNZAUC _dYDXCP _dDLC _dEG-ScBUE |
||
| 082 | 0 | 4 |
_a428.24 _bMIL _222 |
| 100 | 1 |
_aMilner, Martin, _eauthor. |
|
| 245 | 1 | 0 |
_aWorld English 1: _breal people, real places, real language / _cMartin Milner. |
| 246 | 3 | 0 | _aWorld English one |
| 264 | 1 |
_aHampshire, United Kingdom : _bHeinle, Cengage Learning, _c[2011] |
|
| 264 | 4 | _cc2011 | |
| 300 |
_avi, 154 pages : _bcolor illustrations ; _c28 cm + _e1 CD |
||
| 336 |
_2rdacontent _atext _btxt |
||
| 336 |
_2rdacontent _asounds _bsnd |
||
| 336 |
_2rdacontent _aspoken word _bspw |
||
| 337 |
_2rdamedia _aunmediated _bn |
||
| 337 |
_2rdamedia _aaudio _bs |
||
| 337 |
_2rdamedia _avideo _bv |
||
| 338 |
_2rdacarrier _avolume _bnc |
||
| 338 |
_2rdacarrier _acomputer disc _bcd |
||
| 500 | _aAt head of cover title: National Geographic. | ||
| 504 | _aIncludes bibliographical references and index. | ||
| 650 | 7 |
_aEnglish language _vTextbooks for foreign speakers. _2BUEsh |
|
| 650 | 7 |
_aEnglish language _xStudy and teaching _xForeign speakers. _2BUEsh |
|
| 650 | 7 |
_aEnglish language _xSpoken English _xStudy and teaching _xForeign speakers. _2BUEsh |
|
| 650 | 7 |
_aEnglish language _vSelf-instruction. _2BUEsh |
|
| 650 | 7 |
_aEnglish language _xSpoken English. _2BUEsh |
|
| 653 |
_bHHUUEENN _cAugust2021 |
||
| 655 |
_vReading book _934232 |
||
| 710 | 2 | _aNational Geographic Society (U.S.). | |
| 906 |
_a7 _bcbc _ccopycat _d2 _encip _f20 _gy-gencatlg |
||
| 942 |
_2ddc _cBB |
||